00271nam a2200097Ia 4500008004100000245004600041245001600087260000900103650001000112856005100122171211s9999 xx 000 0 und d aDark Souls III: Prima Official Game Guide cPrima Games c2016 xGAMES uhttp://down.ebook777.com/056/9780744017083.pdf